Statistics for Musical Acts by Nationality

Click here to take the quiz!

General Stats

  • This quiz has been taken 26 times
    (4 since last reset)
  • The average score is 36 of 54

Answer Stats

QuestionTileSelect% Correct
Canadian musical actsAdeleNo
100%
Scottish bandsArctic MonkeysNo
100%
Scottish bandsBlue Oyster CultNo
100%
French musical actsCharles AznavourYes
100%
French musical actsDua LipaNo
100%
French musical actsEdith PiafYes
100%
French musical actsGorillazNo
100%
German composersHaydnNo
100%
German composersMozartNo
100%
Scottish bandsThe ProclaimersYes
100%
American bandsAC/DCNo
75%
German composersBachYes
75%
German composersBeethovenYes
75%
German composersBernsteinNo
75%
American bandsBon JoviYes
75%
French musical actsCeline DionNo
75%
French musical actsDaft PunkYes
75%
Canadian musical actsDrakeYes
75%
Scottish bandsFleetwood MacNo
75%
musical acts that are not US AmericanHarry BelafonteNo
75%
French musical actsInterpolNo
75%
Scottish bandsJethro TullNo
75%
musical acts that are not US AmericanLos LobosNo
75%
American bandsLynyrd SkynyrdYes
75%
musical acts that are not US AmericanNelly FurtadoYes
75%
American bandsNickelbackNo
75%
German composersPurcellNo
75%
American bandsScorpionsNo
75%
musical acts that are not US AmericanShakiraYes
75%
Canadian musical actsShania TwainYes
75%
American bandsThe DoorsYes
75%
American bandsThe KinksNo
75%
Scottish bandsThe SmithsNo
75%
American bandsZZ TopYes
75%
Canadian musical actsArcade FireYes
50%
Scottish bandsBay City RollersYes
50%
musical acts that are not US AmericanBilly OceanYes
50%
German composersBrahmsYes
50%
musical acts that are not US AmericanChristina AguileraNo
50%
Canadian musical actsEcho & the BunnymenNo
50%
Canadian musical actsFranz FerdinandNo
50%
French musical actsJohnny HallydayYes
50%
German composersLisztNo
50%
Canadian musical actsR.E.M.No
50%
musical acts that are not US AmericanSean PaulYes
50%
Canadian musical actsThe WeekndYes
50%
musical acts that are not US AmericanTito PuenteNo
50%
German composersWagnerYes
50%
French musical actsGipsy KingsYes
25%
Canadian musical actsLeonard CohenYes
25%
Scottish bandsNazarethYes
25%
American bandsThe Velvet UndergroundYes
25%
musical acts that are not US AmericanSantanaNo
0%
Scottish bandsSimple MindsYes
0%

Score Distribution

Percentile by Number Answered

Percent of People with Each Score

Your Score History

You have not taken this quiz since the last reset